000 01387cam a22004333a 4500
001 0000754
003 DO-SdBPM
005 20250908131047.0
007 ta
008 8611122009 sp a 000 0 spa d
010 _a
016 _a
020 _a9788420464503
040 _aDO-SdBPM
_cspa
_dBPMSU
_erda
_d
082 4 _a823.91
_bD131ch 2009
_222
100 1 _aDahl, Roald,
_d1916-1990
_eautor
240 1 _aCharlie and the chocolate factory
245 1 0 _aCharlie y la fábrica de chocolate /
_cRoald Dahl ; ilustraciones Quentin Blake ; traducción Verónica Head
250 _a70a. ed.
260 _b
264 _aMadrid, España :
_bAlfaguara,
_c2009.
300 _a199 páginas :
_bilustraciones,
_c21 cm.
336 _atexto
_btxt
_2rdacontent
337 _asin mediación
_bn
_2rdamedia
338 _avolumen
_bnc
_2rdacarrier
490 0 _aAlfaguara juvenil
500 _aIncluye datos biográficos del autor.
500 _aLiteratura para niños a partir de los 12 años.
500 _a
521 _a
590 _aInventariado, 2025/VM
650 7 _aNovela juvenil inglesa
650 7 _aFábricas de chocolate
_vCuentos juveniles
650 7 _aLiteratura juvenil inglesa
700 1 _aBlake, Quentin
_eilustraciones
700 1 _aHead, Verónica
_etraductor
910 _aVMateo V. Control de calidad. BPMSU
942 _2ddc
_cBK
999 _c11682
_d11682